[Event "Gatineau op U2000"]
[Site "Gatineau CAN"]
[Date "2025.04.11"]
[Round "1.24"]
[White "Kearnan, Daniel"]
[Black "Zhu, Edison"]
[Result "1-0"]
[WhiteElo "1940"]
[BlackElo "1754"]
[WhiteFideId "-1"]
[WhiteFideId "-1"]
[PlyCount "150"]
[GameId "2169815002571066"]
[EventDate "2025.04.11"]
[EventType "swiss"]
[EventRounds "5"]
[EventCountry "CAN"]

1. d4 Nf6 2. Nf3 e6 3. Bg5 d5 4. Nbd2 c5 5. e3 Nc6 6. c3 Be7 7. Bd3 O-O 8. Qc2 h6 9. h4 c4 10. Be2 b5 11. Ne5 Nxe5 12. dxe5 Nd7 13. Bxe7 Qxe7 14. f4 Qc5 15. Rh3 b4 16. Kf2 f6 17. Qg6 fxe5 18. Rg3 Qe7 19. Qxh6 exf4 20. exf4 e5 21. Qc6 Rxf4+ 22. Kg1 Nb6 23. Nf3 Bb7 24. Qg6 Rf6 25. Qh5 Nd7 26. Ng5 Rh6 27. Qg4 Nf6 28. Qe6+ Qxe6 29. Nxe6 Nh5 30. Bxh5 Rxe6 31. cxb4 Rb6 32. a3 a5 33. Rf1 axb4 34. Rf7 g6 35. Rxg6+ Rxg6 36. Bxg6 bxa3 37. bxa3 Bc6 38. Rc7 Be8 39. Bf5 Bf7 40. h5 Ra6 41. g4 Rxa3 42. h6 Rh3 43. Rc8+ Be8 44. Rxe8+ Kf7 45. Rxe5 Rxh6 46. Rxd5 Rc6 47. Rd7+ Kf6 48. Rd1 Ke5 49. Rc1 Kd4 50. Kf2 Rc7 51. Kf3 Ke5 52. Ke3 Rc6 53. Rc3 Rc7 54. Bd3 Ra7 55. Rxc4 Ra1 56. Rc5+ Kd6 57. Rg5 Ke6 58. Rg6+ Kf7 59. Rb6 Rg1 60. Bf5 Kg7 61. Kf4 Re1 62. Kg5 Re7 63. Rd6 Re1 64. Rd7+ Kh8 65. Kf6 Re8 66. Rc7 Rf8+ 67. Kg5 Rg8+ 68. Kh5 Rf8 69. Rc8 Rxc8 70. Bxc8 Kh7 71. Kg5 Kg7 72. Bf5 Kf7 73. Kh6 Kg8 74. g5 Kh8 75. g6 Kg8 1-0

[Event "Gatineau op U2000"]
[Site "Gatineau CAN"]
[Date "2025.04.11"]
[Round "1.25"]
[White "Scantland, Patrick"]
[Black "Arsenault, Michel"]
[Result "0-1"]
[Annotator "hugh_"]
[WhiteElo "1726"]
[BlackElo "1922"]
[WhiteFideId "-1"]
[WhiteFideId "-1"]
[PlyCount "64"]
[GameId "2169501178159646"]
[EventDate "2025.04.11"]
[EventType "swiss"]
[EventRounds "5"]
[EventCountry "CAN"]

{[%evp 0,64,21,33,11,12,24,16,17,15,19,17,11,-54,14,23,4,24,26,28,29,15,57,43,40,32,11,2,-20,4,-92,36,0,-5,46,-2,69,2,128,203,130,167,168,-13,-133,-21,-21,-12,-9,-84,-68,-189,-177,-306,-261,-364,-352,-364,-357,-324,-270,-377,-380,-388,-383,-1819,-1819]} 1. d4 Nf6 2. Nf3 e6 3. c4 b6 4. Nc3 Bb4 5. Qc2 Bb7 6. g3 O-O 7. Bg2 c5 8. dxc5 bxc5 9. O-O Bxc3 10. Qxc3 Qe7 11. Bg5 d6 12. Rad1 Nbd7 13. Rfe1 h6 14. Bf4 d5 15. cxd5 exd5 16. Qd3 Rac8 17. Qa3 a6 18. Nd4 Ne8 19. Nf5 Qe6 20. Bh3 g5 21. Nxh6+ Qxh6 22. Bxd7 gxf4 23. Bxc8 Bxc8 24. gxf4 Nf6 25. Rd3 Ne4 26. Rf3 Bg4 27. Kh1 Kh8 28. Rg1 Rg8 29. Qe3 Bxf3+ 30. Qxf3 Rxg1+ 31. Kxg1 Qg6+ 32. Kf1 Nd2+ 0-1

[Event "Gatineau op U2000"]
[Site "Gatineau CAN"]
[Date "2025.04.11"]
[Round "1.26"]
[White "Brule, Daniel"]
[Black "Cloutier, Simon"]
[Result "0-1"]
[WhiteElo "1916"]
[BlackElo "1709"]
[WhiteFideId "-1"]
[WhiteFideId "-1"]
[PlyCount "83"]
[GameId "2169502588736038"]
[EventDate "2025.04.11"]
[EventType "swiss"]
[EventRounds "5"]
[EventCountry "CAN"]

1. d4 e6 2. c4 Nf6 3. Nf3 Bb4+ 4. Bd2 Qe7 5. Nc3 O-O 6. Qc2 c5 7. e4 cxd4 8. Nxd4 d6 9. Bd3 e5 10. Nf3 Bxc3 11. Bxc3 b6 12. b4 Nc6 13. b5 Nd8 14. O-O h6 15. h3 Be6 16. Rad1 Nb7 17. Nh2 g5 18. Be2 Nc5 19. f3 a6 20. a4 Qc7 21. Bb4 axb5 22. axb5 Ra4 23. Bxc5 Qxc5+ 24. Kh1 Nh5 25. Ng4 Ng3+ 26. Kh2 Nxf1+ 27. Bxf1 Rfa8 28. Nf6+ Kf8 29. Rd5 Qc7 30. Rd1 Ra2 31. Qc3 R2a3 32. Qd2 Ra1 33. Nd5 Bxd5 34. exd5 Rxd1 35. Qxd1 Qa7 36. Qd3 Qa1 37. Qh7 Ke7 38. Bd3 Qc1 39. h4 Qf4+ 40. g3 Ra2+ 41. Kh3 Qxf3 42. Be4 0-1

[Event "Gatineau op U2000"]
[Site "Gatineau CAN"]
[Date "2025.04.11"]
[Round "1.27"]
[White "Lamy, Vincent"]
[Black "Martin, Spencer"]
[Result "1-0"]
[WhiteElo "1703"]
[BlackElo "1898"]
[WhiteFideId "-1"]
[WhiteFideId "-1"]
[PlyCount "95"]
[GameId "2169525213647406"]
[EventDate "2025.04.11"]
[EventType "swiss"]
[EventRounds "5"]
[EventCountry "CAN"]

1. e4 e5 2. f4 d5 3. exd5 e4 4. Nc3 Nf6 5. d3 Bb4 6. dxe4 Nxe4 7. Qd4 Bxc3+ 8. bxc3 O-O 9. Bd3 Re8 10. Ne2 Qh4+ 11. Kf1 c5 12. Qe3 f5 13. Bxe4 Nd7 14. Qg3 Qxg3 15. Nxg3 fxe4 16. Nf5 Nb6 17. Ne3 Bd7 18. c4 Nc8 19. a4 Nd6 20. a5 Nxc4 21. Rb1 Nd6 22. c4 Rab8 23. Ke2 b5 24. axb6 axb6 25. Ba3 Rec8 26. Rhc1 b5 27. Kd2 b4 28. Bb2 Ra8 29. Ra1 Ba4 30. Be5 Nf7 31. Nf5 Kf8 32. Bxg7+ Ke8 33. Re1 Kd7 34. Rxe4 Re8 35. Rxe8 Kxe8 36. Re1+ Kd8 37. Bf6+ Kc8 38. Re7 Nd8 39. Rxh7 Bd7 40. Nd6+ Kc7 41. Nb5+ Kc8 42. Rh8 Ra2+ 43. Kc1 Bxb5 44. Rxd8+ Kc7 45. cxb5 Rxg2 46. d6+ Kb7 47. Rd7+ Kb6 48. Rg7 1-0

[Event "Gatineau op U2000"]
[Site "Gatineau CAN"]
[Date "2025.04.11"]
[Round "1.28"]
[White "Ng, Wai Ho"]
[Black "Chenier, Raphael"]
[Result "1/2-1/2"]
[WhiteElo "1896"]
[BlackElo "1701"]
[WhiteFideId "-1"]
[WhiteFideId "-1"]
[PlyCount "77"]
[GameId "2169527135113782"]
[EventDate "2025.04.11"]
[EventType "swiss"]
[EventRounds "5"]
[EventCountry "CAN"]

1. d4 Nf6 2. Nf3 g6 3. g3 Bg7 4. Bg2 O-O 5. c4 d6 6. O-O Nbd7 7. Nc3 e5 8. e3 Re8 9. b3 Rb8 10. Bb2 b6 11. Qc2 Bb7 12. Rad1 Qe7 13. Qb1 a6 14. Rfe1 Ba8 15. a4 c6 16. Ba3 c5 17. d5 Nh5 18. e4 Rf8 19. Nh4 Bf6 20. Nf3 Bg7 21. Bc1 h6 22. Bh3 Rbe8 23. Qa2 Bb7 24. Bd2 Kh7 25. Ra1 a5 26. Nb5 Nb8 27. Rad1 Bc8 28. Bxc8 Rxc8 29. h4 f5 30. exf5 Rxf5 31. Nh2 Rcf8 32. Re2 Nf6 33. Bc3 Ne8 34. Rf1 Kh8 35. Re4 Nf6 36. Re3 Ne8 37. Re4 Nf6 38. Re3 Ne8 39. Re4 1/2-1/2

[Event "Gatineau op U2000"]
[Site "Gatineau CAN"]
[Date "2025.04.11"]
[Round "1.29"]
[White "Tan, Shuwen"]
[Black "Kiryakov, Marin"]
[Result "0-1"]
[WhiteElo "1699"]
[BlackElo "1884"]
[WhiteFideId "-1"]
[WhiteFideId "-1"]
[PlyCount "150"]
[GameId "2169538826617406"]
[EventDate "2025.04.11"]
[EventType "swiss"]
[EventRounds "5"]
[EventCountry "CAN"]

1. Nf3 c5 2. g3 Nc6 3. d4 cxd4 4. Nxd4 Nf6 5. Bg2 e5 6. Nxc6 dxc6 7. O-O Bf5 8. c4 Bc5 9. Nc3 Qxd1 10. Rxd1 O-O 11. h3 h6 12. Bd2 Rfd8 13. Be1 Rd4 14. e3 Rdd8 15. a3 Rxd1 16. Rxd1 Bc2 17. Rd2 Bb3 18. Ne4 Nxe4 19. Bxe4 Bb6 20. Rd7 Bxc4 21. Bc3 Ba6 22. Bc2 f6 23. Bb3+ Kh8 24. Kg2 Rd8 25. Rf7 c5 26. g4 c4 27. Ba4 Kg8 28. Re7 Bc5 29. Rc7 Bd6 30. Rd7 Rxd7 31. Bxd7 Kf7 32. Ba4 b5 33. Bc2 Bb7+ 34. f3 Bc5 35. e4 Ke6 36. Bb4 Bb6 37. Kg3 a5 38. Bc3 Kd6 39. f4 Bd4 40. Bxa5 exf4+ 41. Kxf4 Bxb2 42. Bb4+ Ke6 43. a4 bxa4 44. Bxa4 Bc1+ 45. Kf3 Bb2 46. Kf4 g5+ 47. Ke3 Ke5 48. Bc2 Bc1+ 49. Kf3 Bf4 50. Bc3+ Ke6 51. Ba4 Ba6 52. Bc6 Be5 53. Bd5+ Kd6 54. Bb4+ Kc7 55. Ba5+ Kd7 56. Bd2 c3 57. Bc1 Bf1 58. h4 gxh4 59. Kf2 Bh3 60. Kf3 Kd6 61. Be3 Bf1 62. Kf2 Bd3 63. Kg2 c2 64. Bc1 Bg3 65. Bxh6 Ke5 66. Bc1 Bxe4+ 67. Bxe4 Kxe4 68. g5 fxg5 69. Bxg5 Kd3 70. Bc1 Ke2 71. Kh1 Kd1 72. Bb2 Kd2 73. Kg2 Bf4 74. Kh3 Kd3 75. Kxh4 Kc4 0-1

[Event "Gatineau op U2000"]
[Site "Gatineau CAN"]
[Date "2025.04.11"]
[Round "1.30"]
[White "Knechtel, Thomas"]
[Black "Sun, Jonathan"]
[Result "0-1"]
[WhiteElo "1874"]
[BlackElo "1687"]
[WhiteFideId "-1"]
[WhiteFideId "-1"]
[PlyCount "62"]
[GameId "2169561038766844"]
[EventDate "2025.04.11"]
[EventType "swiss"]
[EventRounds "5"]
[EventCountry "CAN"]

1. e4 c5 2. Nf3 Nc6 3. d4 cxd4 4. Nxd4 Nf6 5. Nc3 e5 6. Ndb5 d6 7. Nd5 Nxd5 8. exd5 Nb8 9. a4 Be7 10. Bd3 O-O 11. O-O f5 12. Re1 Nd7 13. b4 a6 14. Na3 e4 15. Bf1 Bf6 16. Rb1 Ne5 17. c4 b6 18. Qb3 Bg5 19. Nc2 Bxc1 20. Rbxc1 Bd7 21. Nd4 Qe7 22. Ra1 Qf6 23. a5 bxa5 24. Rxa5 Ng4 25. Nc6 f4 26. h3 f3 27. g3 e3 28. hxg4 e2 29. Bxe2 fxe2 30. Rxe2 Bxg4 31. Rd2 Rae8 0-1

[Event "Gatineau op U2000"]
[Site "Gatineau CAN"]
[Date "2025.04.11"]
[Round "1.32"]
[White "Courtemanche, Marc"]
[Black "Perkins, Simon"]
[Result "1/2-1/2"]
[Annotator "hugh_"]
[WhiteElo "1840"]
[BlackElo "1668"]
[WhiteFideId "-1"]
[WhiteFideId "-1"]
[PlyCount "124"]
[GameId "2169565030449932"]
[EventDate "2025.04.11"]
[EventType "swiss"]
[EventRounds "5"]
[EventCountry "CAN"]

{[%evp 0,124,12,24,24,88,25,22,10,69,6,86,31,6,3,-1,12,12,58,-2,26,0,31,4,-3,-42,0,-11,0,-13,-8,-50,-78,-57,-32,-5,-60,-117,-42,-79,-67,-10,-34,-92,-126,-133,-116,-93,-38,-144,-160,-212,-203,-274,-246,-305,-174,-263,-147,-277,-270,-278,-287,-326,-275,-200,-345,-337,-190,-317,-349,-411,-305,-124,-304,-131,-298,-203,-251,-260,-240,-171,-245,-255,-212,-502,1,-121,-148,-99,-133,-106,-128,-110,-185,-188,-114,-67,-92,-96,-117,-138,-103,-183,-181,-221,-120,-69,-98,-103,17,-91,43,-91,40,56,70,109,116,196,120,1,334,396,601,392,451]} 1. e4 c5 2. Nf3 a6 3. d4 cxd4 4. Nxd4 Nf6 5. Nc3 e5 6. Nb3 Bb4 7. Bd3 Nc6 8. O-O O-O 9. Bg5 Be7 10. Kh1 d6 11. f4 exf4 12. Bxf4 Ne5 13. Be2 Bd7 14. Bg5 Bc6 15. Bxf6 Bxf6 16. Nd4 Ng6 17. Nf5 Be5 18. Qe1 Qa5 19. Bf3 Rfe8 20. Nd5 Qd8 21. Qc1 Bxd5 22. exd5 Bf4 23. Qd1 Re5 24. g3 Rxf5 25. gxf4 Rxf4 26. Qd2 Qf6 27. Bg2 Re8 28. c3 Re5 29. Rae1 Rxf1+ 30. Rxf1 Qe7 31. Bf3 h6 32. c4 Nh4 33. Bd1 Nf5 34. Rg1 Re3 35. Bc2 Nh4 36. Qd4 g6 37. Qf4 Nf3 38. Rf1 Ng5 39. b4 Re2 40. Bd3 Re3 41. Bc2 Re1 42. Kg2 Rxf1 43. Kxf1 Kg7 44. h4 Nh7 45. c5 dxc5 46. d6 Qf6 47. Qxf6+ Kxf6 48. bxc5 Nf8 49. Be4 Nd7 50. Bxb7 Nxc5 51. Bc8 a5 52. Ke2 g5 53. hxg5+ hxg5 54. Kf3 Nd3 55. Ke4 Ne5 56. d7 Nc6 57. Kd5 Nd8 58. Kd6 g4 59. Ba6 g3 60. Bf1 Ne6 61. Bg2 Nd8 62. a4 Ne6 1/2-1/2

[Event "Gatineau op U2000"]
[Site "Gatineau CAN"]
[Date "2025.04.11"]
[Round "1.33"]
[White "Tse, Chun Wing"]
[Black "Giroux, Robert"]
[Result "1-0"]
[Annotator "hugh_"]
[WhiteElo "1664"]
[BlackElo "1826"]
[WhiteFideId "-1"]
[WhiteFideId "-1"]
[PlyCount "79"]
[GameId "2169568986477335"]
[EventDate "2025.04.11"]
[EventType "swiss"]
[EventRounds "5"]
[EventCountry "CAN"]

1. d4 Nf6 2. c4 c5 3. d5 e5 4. Nc3 d6 5. e4 h5 6. Be2 g6 7. b3 a6 8. Qc2 Bh6 9. Bb2 b6 10. Nf3 Nbd7 11. O-O Rb8 12. Ne1 Qe7 13. a3 h4 14. Nd3 b5 15. cxb5 axb5 16. b4 c4 17. Ne1 h3 18. g3 Nb6 19. Nxb5 Bd7 20. Nc3 O-O 21. a4 Nbxd5 22. Nxd5 Nxd5 23. exd5 Rxb4 24. Nf3 Rc8 25. Bc3 Bf5 26. Qa2 Rb3 27. Bd2 Bg7 28. Rac1 Qb7 29. Bc3 Qxd5 30. Rfd1 Qc6 31. Ne1 d5 32. Bf3 Rd8 33. Ba1 Qb7 34. g4 Rxf3 35. Nxf3 Bxg4 36. Nxe5 Bxd1 37. Rxd1 d4 38. f4 Bxe5 39. fxe5 Qe4 40. Qd2 {Time.} 1-0

[Event "Gatineau op U2000"]
[Site "Gatineau CAN"]
[Date "2025.04.11"]
[Round "1.35"]
[White "Hum, Justin"]
[Black "Auersperg, Leo"]
[Result "0-1"]
[WhiteElo "1639"]
[BlackElo "1818"]
[WhiteFideId "-1"]
[WhiteFideId "-1"]
[PlyCount "144"]
[GameId "2169571595023135"]
[EventDate "2025.04.11"]
[EventType "swiss"]
[EventRounds "5"]
[EventCountry "CAN"]

1. e4 c6 2. d3 d5 3. Nd2 e5 4. Ngf3 Bd6 5. g3 Nf6 6. Bg2 O-O 7. O-O h6 8. Re1 Qc7 9. Nf1 Be6 10. Qe2 Nbd7 11. h3 dxe4 12. dxe4 Nc5 13. N3h2 a5 14. g4 b5 15. Ng3 a4 16. Qf3 b4 17. Bxh6 Nh7 18. Bd2 b3 19. cxb3 axb3 20. a3 f6 21. Nf5 Bxf5 22. gxf5 Rfd8 23. h4 Bf8 24. Bb4 Nd3 25. Red1 Bxb4 26. Rxd3 Bc5 27. Rxd8+ Rxd8 28. Qxb3+ Kf8 29. Qc2 Qb6 30. Rc1 Bd4 31. b3 Ke7 32. Nf3 Nf8 33. Nxd4 exd4 34. Qc5+ Qxc5 35. Rxc5 d3 36. Rc1 Nd7 37. f4 d2 38. Rd1 Nc5 39. b4 Na4 40. Bf3 Nc3 41. Kf2 Nxd1+ 42. Bxd1 Rd3 43. Ke2 Rxa3 44. Kxd2 Kd6 45. h5 Ra2+ 46. Kc3 Rf2 47. Bb3 Rxf4 48. Kd4 Rf1 49. Bf7 Rb1 50. Kc4 Ke5 51. Be8 Kxe4 52. Bxc6+ Kxf5 53. b5 Ke5 54. Kd3 Rc1 55. Be8 Rc5 56. b6 Kd6 57. Kd4 Rc8 58. Bb5 Rb8 59. Ke4 Rxb6 60. Be2 Rb2 61. Bd1 Rb1 62. Bf3 Ke6 63. Bg4+ Kd6 64. Bf3 Rb5 65. Kf4 Rg5 66. Be2 Kd5 67. Bf3+ Kd4 68. Bd1 Rg1 69. Be2 Re1 70. Bg4 Re4+ 71. Kf3 Rxg4 72. Kxg4 Ke4 0-1

[Event "Gatineau op U2000"]
[Site "Gatineau CAN"]
[Date "2025.04.11"]
[Round "1.36"]
[White "Savard, Alexandre"]
[Black "Guliyev, Nadir"]
[Result "0-1"]
[WhiteElo "1812"]
[BlackElo "1633"]
[WhiteFideId "-1"]
[WhiteFideId "-1"]
[PlyCount "67"]
[GameId "2169579785364266"]
[EventDate "2025.04.11"]
[EventType "swiss"]
[EventRounds "5"]
[EventCountry "CAN"]

1. d4 Nf6 2. Nc3 d5 3. Bf4 c6 4. e3 Bf5 5. Bd3 Bg6 6. h4 Qa5 7. h5 Bxd3 8. Qxd3 h6 9. f3 e6 10. Nge2 Nbd7 11. Kf2 O-O-O 12. a3 Re8 13. b4 Qd8 14. b5 c5 15. dxc5 Nxc5 16. Qd4 Qa5 17. b6 a6 18. Rab1 Ncd7 19. Bc7 Bc5 20. Qa4 Qxa4 21. Nxa4 Bxa3 22. c4 Nc5 23. Ra1 Bb4 24. Nd4 dxc4 25. Nxc5 Bxc5 26. Rac1 Bxd4 27. exd4 Kd7 28. g4 Nd5 29. Rxc4 Rc8 30. Rhc1 a5 31. f4 a4 32. Kf3 a3 33. Ke4 a2 34. Ra1 0-1

[Event "Gatineau op U2000"]
[Site "Gatineau CAN"]
[Date "2025.04.11"]
[Round "1.37"]
[White "Audouze, Oscar"]
[Black "Gauthier, Denis"]
[Result "0-1"]
[WhiteElo "1616"]
[BlackElo "1810"]
[WhiteFideId "-1"]
[WhiteFideId "-1"]
[PlyCount "66"]
[GameId "2169768787914862"]
[EventDate "2025.04.11"]
[EventType "swiss"]
[EventRounds "5"]
[EventCountry "CAN"]

1. d4 Nf6 2. c4 e6 3. Nc3 Bb4 4. Qc2 O-O 5. Nf3 d6 6. g4 b6 7. g5 Nh5 8. e4 Bb7 9. Be2 g6 10. Rg1 c5 11. d5 exd5 12. exd5 b5 13. cxb5 Bxd5 14. Bd2 Be6 15. O-O-O a6 16. a3 axb5 17. axb4 Ra1+ 18. Nb1 Ba2 19. bxc5 Rxb1+ 20. Qxb1 Bxb1 21. Kxb1 dxc5 22. Be3 Qe7 23. Rd2 Qe4+ 24. Ka1 Nc6 25. Bxc5 Ra8+ 26. Ba3 b4 27. h3 bxa3 28. Rg4 axb2+ 29. Kxb2 Rb8+ 30. Kc3 Qb1 31. Bc4 Qa1+ 32. Kd3 Rd8+ 33. Ke2 Re8+ 0-1

[Event "Gatineau op U2000"]
[Site "Gatineau CAN"]
[Date "2025.04.11"]
[Round "1.38"]
[White "Girouard, Michel"]
[Black "Thibault, Mario"]
[Result "0-1"]
[WhiteElo "1809"]
[BlackElo "1604"]
[WhiteFideId "-1"]
[WhiteFideId "-1"]
[PlyCount "68"]
[GameId "2169771319369846"]
[EventDate "2025.04.11"]
[EventType "swiss"]
[EventRounds "5"]
[EventCountry "CAN"]

1. d4 d6 2. Bf4 Nf6 3. e3 g6 4. Nf3 Bg7 5. h3 Nbd7 6. c3 b6 7. Nbd2 Bb7 8. Qc2 O-O 9. Bd3 Re8 10. Bh2 e5 11. dxe5 Nxe5 12. Be2 Nfd7 13. O-O a5 14. Rad1 Qe7 15. Bg3 Bf6 16. Bb5 Nxf3+ 17. Nxf3 Bxf3 18. gxf3 Red8 19. Qe4 Qe6 20. Qxe6 fxe6 21. Kg2 Kf7 22. e4 Ke7 23. Rfe1 e5 24. f4 Nf8 25. Rd5 Ne6 26. fxe5 dxe5 27. Bxe5 Bxe5 28. Rxe5 Kf6 29. Rxe6+ Kxe6 30. Re2 Ke7 31. f4 Rf8 32. Kg3 Rad8 33. Kg4 Rd1 34. h4 Rg1+ 0-1

[Event "Gatineau op U2000"]
[Site "Gatineau CAN"]
[Date "2025.04.11"]
[Round "1.39"]
[White "Aravinthan, Adhvik"]
[Black "Palsson, Halldor"]
[Result "0-1"]
[WhiteElo "1599"]
[BlackElo "1808"]
[WhiteFideId "-1"]
[WhiteFideId "-1"]
[PlyCount "140"]
[GameId "2169775188082903"]
[EventDate "2025.04.11"]
[EventType "swiss"]
[EventRounds "5"]
[EventCountry "CAN"]

1. e4 e6 2. d4 d5 3. exd5 exd5 4. c4 Nf6 5. Nc3 Be7 6. Nf3 O-O 7. Be2 dxc4 8. Bxc4 Nbd7 9. O-O Nb6 10. Ne5 Nxc4 11. Nxc4 Be6 12. Ne3 c6 13. Qd3 Qd7 14. Rd1 Rfd8 15. Qc2 Rac8 16. b3 Ng4 17. Ne4 Nxe3 18. Bxe3 Bf5 19. f3 Bg6 20. Qf2 f5 21. Nc3 Bf6 22. Rac1 Bf7 23. Rc2 g5 24. g3 Qd6 25. Qd2 Qe7 26. Qf2 Re8 27. Re2 Qd6 28. Qe1 Rcd8 29. Qd2 h6 30. Na4 Qd5 31. Rf2 f4 32. gxf4 gxf4 33. Rg2+ Kh8 34. Bxf4 Bxd4+ 35. Qxd4+ Qxd4+ 36. Rxd4 Rxd4 37. Bxh6 Rg8 38. Bg5 Rd1+ 39. Kf2 Rg6 40. Nc5 b6 41. Ne4 Rd5 42. Rg4 Rf5 43. Ng3 Rfxg5 44. Rh4+ Kg8 45. f4 Rc5 46. f5 Rg5 47. f6 Bd5 48. Ke3 Rg6 49. Nh5 Kf7 50. Kd4 Rc2 51. Ke3 Rxa2 52. Nf4 Rg5 53. Kd4 Kxf6 54. Nh5+ Ke7 55. Nf4 Bxb3 56. Rh7+ Bf7 57. h4 Rg4 58. Ke4 Ra4+ 59. Kf3 Raxf4+ 60. Ke3 Rxh4 61. Rg7 Kf6 62. Rg3 Bd5 63. Rg1 Rf3+ 64. Ke2 Rh2+ 65. Ke1 Ra3 66. Rf1+ Ke7 67. Rf2 Ra1+ 68. Ke2 Ra2+ 69. Ke3 Raxf2 70. Kd3 Rh3+ 0-1

[Event "Gatineau op U2000"]
[Site "Gatineau CAN"]
[Date "2025.04.11"]
[Round "1.41"]
[White "Lagace, Tyler"]
[Black "Echavarria-Hidalgo, Fernando"]
[Result "1-0"]
[WhiteElo "1500"]
[BlackElo "1780"]
[WhiteFideId "-1"]
[WhiteFideId "-1"]
[PlyCount "61"]
[GameId "2169808649797861"]
[EventDate "2025.04.11"]
[EventType "swiss"]
[EventRounds "5"]
[EventCountry "CAN"]

1. e4 c5 2. Nf3 d6 3. Bb5+ Bd7 4. Bxd7+ Nxd7 5. O-O Ngf6 6. Qe2 e5 7. c3 Be7 8. d4 cxd4 9. cxd4 exd4 10. Nxd4 O-O 11. Nc3 Nc5 12. Nf5 Re8 13. Bg5 Ne6 14. Nxe7+ Rxe7 15. Bxf6 gxf6 16. Qg4+ Ng7 17. Nd5 Re5 18. Qh4 Rg5 19. f4 Rg6 20. f5 Rg5 21. Rf3 Rc8 22. Rh3 h5 23. Kh1 Rc2 24. Rg1 Rxb2 25. g4 Rxa2 26. Rhg3 Kh8 27. gxh5 Rxh5 28. Qxh5+ Nxh5 29. Rh3 Qg8 30. Rxh5+ Qh7 31. Nxf6 1-0

[Event "Gatineau op U2000"]
[Site "Gatineau CAN"]
[Date "2025.04.11"]
[Round "1.43"]
[White "Ishii, Subaru"]
[Black "Dukkardt, Vladimir"]
[Result "0-1"]
[WhiteElo "1319"]
[BlackElo "1772"]
[WhiteFideId "-1"]
[WhiteFideId "-1"]
[PlyCount "76"]
[GameId "2169811407909104"]
[EventDate "2025.04.11"]
[EventType "swiss"]
[EventRounds "5"]
[EventCountry "CAN"]

1. e4 c5 2. Nf3 d6 3. d4 cxd4 4. Nxd4 Nf6 5. Nc3 g6 6. Be3 Bg7 7. f3 O-O 8. Qd2 Nc6 9. O-O-O d5 10. Nxc6 bxc6 11. exd5 cxd5 12. Nxd5 Nxd5 13. Qxd5 Qc7 14. Qc5 Qb7 15. Qa3 Bf5 16. Bd4 Rfc8 17. Bd3 e5 18. Bxf5 gxf5 19. Bc3 Rab8 20. Rd3 Bf8 21. Qb3 Qa6 22. Qd5 Rc5 23. Qd7 Qxa2 24. Re1 Rxc3 25. bxc3 Bh6+ 26. Kd1 Rb1+ 27. Ke2 Qxc2+ 28. Kf1 Rb2 29. Rd2 Qxd2 30. Qxd2 Bxd2 31. Rxe5 Bxc3 32. Rxf5 a5 33. Rg5+ Kf8 34. Rc5 Bb4 35. Rc8+ Ke7 36. Ra8 Ra2 37. Ra7+ Kf6 38. Ra6+ Kg7 0-1

[Event "Gatineau op U2000"]
[Site "Gatineau CAN"]
[Date "2025.04.12"]
[Round "2.24"]
[White "Sun, Jonathan"]
[Black "Kearnan, Daniel"]
[Result "1-0"]
[WhiteElo "1687"]
[BlackElo "1940"]
[WhiteFideId "-1"]
[WhiteFideId "-1"]
[PlyCount "71"]
[GameId "2169104976526740"]
[EventDate "2025.04.11"]
[EventType "swiss"]
[EventRounds "5"]
[EventCountry "CAN"]

1. e4 c5 2. Nf3 d6 3. d4 cxd4 4. Nxd4 Nf6 5. Nc3 g6 6. Bc4 Bg7 7. Bb3 Nc6 8. O-O O-O 9. Re1 Bg4 10. f3 Nxd4 11. Qxd4 Bd7 12. Qd3 a6 13. a4 Rc8 14. Be3 Be6 15. Bxe6 fxe6 16. Ne2 Nd7 17. Qb3 Nc5 18. Bxc5 Rxc5 19. Qxe6+ Kh8 20. Qb3 Qc7 21. c3 Rh5 22. Ng3 Rg5 23. Qc2 h5 24. Qd2 Qc5+ 25. Qf2 Qc8 26. Qe3 Bf6 27. e5 dxe5 28. Ne4 Rf5 29. Qh6+ Kg8 30. Qxg6+ Bg7 31. Rad1 h4 32. Ng5 R8f6 33. Qh7+ Kf8 34. Qxh4 Rh6 35. Qg4 Rg6 36. Qxf5+ 1-0

[Event "Gatineau op U2000"]
[Site "Gatineau CAN"]
[Date "2025.04.12"]
[Round "2.25"]
[White "Arsenault, Michel"]
[Black "Lamy, Vincent"]
[Result "1-0"]
[WhiteElo "1922"]
[BlackElo "1703"]
[WhiteFideId "-1"]
[WhiteFideId "-1"]
[PlyCount "61"]
[GameId "2169118229110172"]
[EventDate "2025.04.11"]
[EventType "swiss"]
[EventRounds "5"]
[EventCountry "CAN"]

1. c4 c5 2. g3 g6 3. Bg2 Bg7 4. e4 Nc6 5. Ne2 Nf6 6. Nbc3 O-O 7. O-O d6 8. d3 Bd7 9. h3 Qc8 10. Kh2 Rb8 11. Rb1 Ne8 12. Be3 Nc7 13. d4 cxd4 14. Nxd4 Nxd4 15. Bxd4 Bxd4 16. Qxd4 b6 17. f4 Ne6 18. Qd3 Nc5 19. Qe2 Bc6 20. g4 Nd7 21. h4 Nf6 22. Bf3 Qc7 23. h5 gxh5 24. g5 Ng4+ 25. Bxg4 hxg4 26. Rg1 f5 27. gxf6 Rxf6 28. Qxg4+ Rg6 29. Qh5 Rxg1 30. Rxg1+ Kh8 31. Qf7 1-0

[Event "Gatineau op U2000"]
[Site "Gatineau CAN"]
[Date "2025.04.12"]
[Round "2.26"]
[White "Kiryakov, Marin"]
[Black "Radia, Anuj"]
[Result "1-0"]
[WhiteElo "1884"]
[BlackElo "1673"]
[WhiteFideId "-1"]
[WhiteFideId "-1"]
[PlyCount "73"]
[GameId "2169127056883108"]
[EventDate "2025.04.11"]
[EventType "swiss"]
[EventRounds "5"]
[EventCountry "CAN"]

1. e4 c6 2. Nc3 d5 3. Nf3 dxe4 4. Nxe4 Nf6 5. Qe2 Nxe4 6. Qxe4 Nd7 7. d4 Nf6 8. Qd3 Bg4 9. Ne5 e6 10. Nxg4 Nxg4 11. Be2 h5 12. h3 Nf6 13. a4 Qc7 14. c3 Rd8 15. Qf3 Nd5 16. h4 Bd6 17. g3 a5 18. O-O Qe7 19. Bd3 Kd7 20. c4 Nb4 21. Be4 Kc8 22. Re1 Bc7 23. d5 f5 24. Bxf5 Qf8 25. Rxe6 Kb8 26. Bg5 cxd5 27. Bxd8 Qxd8 28. cxd5 g5 29. hxg5 h4 30. g4 Qxg5 31. d6 Bb6 32. d7 Bxf2+ 33. Qxf2 Nd3 34. Re8+ Rxe8 35. dxe8=Q+ Kc7 36. Qd7+ Kb8 37. Qc8# 1-0

[Event "Gatineau op U2000"]
[Site "Gatineau CAN"]
[Date "2025.04.12"]
[Round "2.27"]
[White "Auersperg, Leo"]
[Black "Tse, Chun Wing"]
[Result "1-0"]
[WhiteElo "1818"]
[BlackElo "1664"]
[WhiteFideId "-1"]
[WhiteFideId "-1"]
[PlyCount "95"]
[GameId "2169129062518188"]
[EventDate "2025.04.11"]
[EventType "swiss"]
[EventRounds "5"]
[EventCountry "CAN"]

1. e4 d5 2. exd5 Qxd5 3. Nc3 Qd8 4. d4 Nf6 5. h3 e6 6. Nf3 c5 7. Bf4 a6 8. dxc5 Qxd1+ 9. Rxd1 Bxc5 10. Bd3 Nbd7 11. O-O O-O 12. Rfe1 Bb4 13. Ne5 Bxc3 14. bxc3 Nd5 15. Bg3 Nc5 16. Nc4 b5 17. Ne3 Nxd3 18. Rxd3 Bb7 19. Nxd5 Bxd5 20. a3 Rfc8 21. Be5 f6 22. Bd4 Rc4 23. Ree3 Rac8 24. f3 Ra4 25. Rd2 Rxa3 26. Kf2 Kf7 27. g4 Ra2 28. Re1 a5 29. Rb1 Bc4 30. Bb6 Rc6 31. Be3 a4 32. Rd7+ Kg6 33. h4 Rxc2+ 34. Kg3 h6 35. h5+ Kh7 36. Rbd1 Bd5 37. Bd4 Kg8 38. g5 hxg5 39. h6 gxh6 40. Bxf6 R2xc3 41. Bxc3 Rxc3 42. Rf1 b4 43. Kg4 b3 44. Kh5 Bc6 45. Ra7 b2 46. Rd1 Rxf3 47. Kxh6 g4 48. Rd8+ 1-0